• 首页
  • 本馆介绍
  • 公告通知
  • 最新文献
  • 馆藏检索
  • 电子资源
  • 读者导购
  • 参考咨询
  • 我的图书馆
  • 登录
  • 详细信息显示
  • 放入我的书架
  • 预约/预借图书
  • 作者相关作品
  • 分类相关作品
  • 丛书相关作品
  • 出版社相关作品

书目信息

  • 表格格式
  • 工作单格式
  • 卡片格式
题名:
我赢定了
    
 
作者: 鲍威尔 著 ;张强 译
分册:  
出版信息: 长沙   湖南文艺出版社  2013.1
页数: 256页
开本: 26cm
丛书名:
单 册:
中图分类: C933.2 , K837.127=6
科图分类:
主题词: 鲍威尔,C.L.--领导艺术
电子资源:
ISBN: 978-7-5404-5911-6
000 01325nam0 2200265 45
001 1360544109
005 20130531101355.37
010    @a978-7-5404-5911-6@dCNY34.80
100    @a20130513d2013 ekmy0chiy0120 ea
101 0  @achi
102    @aCN@b430000
105    @aa z 000yy
106    @ar
200 1  @a我赢定了@AWo Ying Ding Liao@e鲍威尔生活和领导的艺术@EBao Wei Er Sheng Huo He Ling Dao De Yi Shu@f(美)鲍威尔著@F( Mei ) Bao Wei Er Zhu@g张强译
210    @a长沙@c湖南文艺出版社@d2013.1
215    @a256页@d26cm
330    @a本书是一本讲领导艺术的书。本书中美国第一位黑人国务卿鲍威尔讲述了他一生中在军界和政界的领导经验。书里满是生动的经历和动情的体验,有作者从移民家族获得的言传身教,有在军队里摸爬滚打的感悟,有作为军队最高级指挥的经验,还有在四任总统班子中供职的体会。鲍威尔天生是个会讲故事的人,他总能用温馨的故事和恰当的比喻给处在领导者位置上的人一些卓有见地的建议。本书的内容曾经是美国国务院高级官员领导艺术培训课和美国大型跨过企业中高级管理层内部培训的内容,将成为又一本领导力经典。
517 1  @a鲍威尔生活和领导的艺术@ABao Wei Er Sheng Huo He Ling Dao De Yi Shu
606 0  @a鲍威尔,C.L.@x领导艺术
690    @aC933.2@v5
690    @aK837.127=6@v5
701  0 @c(美)@a鲍威尔@ABao Wei Er@4著
702  0 @a张强@AZhang Qiang@4译
801    @aCN@bTANGWEI@c20130523
905    @b0835128-33@dC933.2@e450@f6
    
    我赢定了:鲍威尔生活和领导的艺术/(美)鲍威尔著/张强译.-长沙:湖南文艺出版社,2013.1
    256页;26cm
    
    
    ISBN 978-7-5404-5911-6:CNY34.80
    本书是一本讲领导艺术的书。本书中美国第一位黑人国务卿鲍威尔讲述了他一生中在军界和政界的领导经验。书里满是生动的经历和动情的体验,有作者从移民家族获得的言传身教,有在军队里摸爬滚打的感悟,有作为军队最高级指挥的经验,还有在四任总统班子中供职的体会。鲍威尔天生是个会讲故事的人,他总能用温馨的故事和恰当的比喻给处在领导者位置上的人一些卓有见地的建议。本书的内容曾经是美国国务院高级官员领导艺术培训课和美国大型跨过企业中高级管理层内部培训的内容,将成为又一本领导力经典。
●
相关链接 在E读中查询图书 在五车中查询图书 在当当中查询图书 在豆瓣中查询图书


正题名:我赢定了     索取号:C933.2/450         预约/预借

序号 登录号 条形码 馆藏地/架位号 状态 备注
1 0835128   208351282   第一样本阅览室/ [索取号:C933.2/450] 在馆    
2 0835129   208351291   第一借阅区/ [索取号:C933.2/450] 在馆    
3 0835130   208351308   第一借阅区/ [索取号:C933.2/450] 在馆    
4 0835131   208351317   第一借阅区/ [索取号:C933.2/450] 在馆    
5 0835132   208351326   第一借阅区/ [索取号:C933.2/450] 在馆    
6 0835133   208351335   第一借阅区/ [索取号:C933.2/450] 在馆    
唐山师范学院图书馆 欢迎您!
大连网信软件有限公司© 版权所有